Fast typing 1-25 - Statistics

General Stats
  • This quiz has been taken 76 times
  • The average score is 24 of 25
Answer Stats
Answer % Correct
1
100%
2
100%
3
100%
4
100%
5
100%
6
100%
7
100%
8
100%
9
100%
10
98%
11
98%
12
98%
13
95%
14
95%
21
93%
22
93%
23
93%
24
93%
25
93%
15
91%
17
91%
18
91%
19
91%
20
91%
16
88%
No matching quizzes found
Score Distribution
Percent of People with Each Score
Percentile by Number Answered
Your Score History
You have not taken this quiz